01349cam a2200325 i 450000100090000000300090000900500170001800800410003501000170007602000260009304000280011904200080014705000240015508200300017910000150020924500730022426000280029730000310032550200060035650400510036265000210041365000240043465000200045877601770047890600450065594200120070099900190071295201460073195201460087718160671USPCAS-E20180118181419.0140522s2014 nju b 001 0 eng  a 2014020214 a9781118889107 (cloth) aDLCbengerdacDLCdDLC apcc00aTJ163.2b.L823 201400a621.310284223bLU-M 20141 aLu, Kathy.10aMaterials in energy conversion, harvesting, and storage /cKathy Lu. aHoboken:bWiley,c2014. axvi, 429 p ;c25 cm.bill. a. aIncludes bibliographical references and index. 0aPower resources. 0aEnergy development. 0aEnergy storage.08iOnline version:aLu, Kathy.tMaterials in energy conversion, harvesting, and storagedHoboken, New Jersey : John Wiley & Sons, Inc., [2014]z9781118892350w(DLC) 2014020789 a7bcbccorignewd1eecipf20gy-gencatlg 2ddccBK c355952d355952 00102ddc40708NFICaCAS-EbCAS-EcDISPLAYd2016-01-12eGoldeng12081.00l0o621.310284 LU-M 2014pCAS-E0001235r2016-01-12w2016-01-12yBK 00102ddc40708NFICaCAS-EbCAS-EcDISPLAYd2016-01-12eGoldeng12081.00l0o621.310284 LU-M 2014pCAS-E0001236r2016-01-12w2016-01-12yBK